[Event "SUI-chT"]
[Site "Switzerland"]
[Date "2022.05.01"]
[Round "1.3"]
[White "Gaehwiler, Gabriel"]
[Black "Duratti, Lindo"]
[Result "1/2-1/2"]
[WhiteElo "2423"]
[BlackElo "2171"]
[PlyCount "72"]
[EventDate "2022.05.01"]
[EventType "team-tourn"]
[EventRounds "9"]
[EventCountry "SUI"]
[SourceTitle "EXT 2023"]
[Source "ChessBase"]
[SourceDate "2022.10.05"]
[SourceVersion "1"]
[SourceVersionDate "2022.10.05"]
[SourceQuality "1"]
[WhiteTeam "Luzern"]
[BlackTeam "Echallens"]
[WhiteTeamCountry "SUI"]
[BlackTeamCountry "SUI"]

1. d4 d5 2. c4 e6 3. Nf3 Nf6 4. g3 Be7 5. Bg2 0-0 6. Nc3 dxc4 7. Ne5 c5 8. dxc5 Qxd1+ 9. Nxd1 Bxc5 10. Be3 Bb4+ 11. Bd2 Bxd2+ 12. Kxd2 Rd8+ 13. Ke1 Nd5 14. Nxc4 Nc6 15. Nde3 Nxe3 16. fxe3 f6 17. Bxc6 bxc6 18. Na5 Rd6 19. Kf2 Kf7 20. Rhc1 Bd7 21. Rc2 Rb8 22. Rac1 Ke7 23. b3 Rc8 24. b4 e5 25. b5 Rb8 26. bxc6 Be8 27. Nb7 Rd5 28. e4 Rb5 29. c7 Rc8 30. Nd8 Bd7 31. Ke3 Rb4 32. Rc5 Ra4 33. R1c2 Ra3+ 34. Kd2 Ra4 35. Ke3 Ra3+ 36. Kd2 Ra4 1/2-1/2

[Event "SUI-chT"]
[Site "Switzerland"]
[Date "2018.09.08"]
[Round "6.5"]
[White "Georgiadis, Ioannis"]
[Black "Duratti, Lindo"]
[Result "1-0"]
[WhiteElo "2462"]
[BlackElo "2209"]
[PlyCount "71"]
[EventDate "2018.03.25"]
[EventType "team-tourn"]
[EventRounds "9"]
[EventCountry "SUI"]
[SourceTitle "EXT 2019"]
[Source "ChessBase"]
[SourceDate "2018.10.10"]
[SourceVersion "1"]
[SourceVersionDate "2018.10.10"]
[SourceQuality "1"]
[WhiteTeam "Riehen"]
[BlackTeam "Echallens"]
[WhiteTeamCountry "SUI"]
[BlackTeamCountry "SUI"]

1. e4 e6 2. d4 d5 3. Nd2 Nf6 4. e5 Nfd7 5. c3 c5 6. Bd3 Nc6 7. Ne2 cxd4 8. cxd4 Be7 9. Nf3 h6 10. 0-0 0-0 11. Nf4 g5 12. Nh5 f5 13. exf6 Nxf6 14. Ne5 Nxd4 15. Ng6 Rf7 16. Nxe7+ Qxe7 17. Bg6 e5 18. Bxf7+ Qxf7 19. Nxf6+ Qxf6 20. Be3 Bf5 21. Rc1 Rd8 22. f4 gxf4 23. Bxd4 exd4 24. Rxf4 d3 25. Qxd3 Bxd3 26. Rxf6 d4 27. Rd1 Be2 28. Rd2 d3 29. Rxh6 Kg7 30. Re6 Rf8 31. Rexe2 dxe2 32. Rxe2 Rf7 33. h3 Kg6 34. Kh2 b6 35. h4 Rf4 36. Kh3 1-0

[Event "Francophone-ch rapid 3rd"]
[Site "Geneve"]
[Date "2016.07.03"]
[Round "11"]
[White "Efimov, Igor"]
[Black "Duratti, Lindo"]
[Result "1-0"]
[WhiteElo "2374"]
[BlackElo "2205"]
[PlyCount "48"]
[EventDate "2016.07.02"]
[EventType "swiss (rapid)"]
[EventRounds "15"]
[EventCountry "SUI"]
[SourceTitle "CBM 173 Extra"]
[Source "ChessBase"]
[SourceDate "2016.08.29"]
[SourceVersion "1"]
[SourceVersionDate "2016.08.29"]
[SourceQuality "1"]

1. d4 d5 2. c4 e6 3. Nf3 c6 4. Qc2 f5 5. g3 Nf6 6. Bg2 Bd6 7. 0-0 0-0 8. Nbd2 Ne4 9. Rb1 Nd7 10. b4 Ndf6 11. Ne5 Bd7 12. a4 Be8 13. Nb3 Nd7 14. Nd3 Kh8 15. f3 Nef6 16. Nbc5 Bxc5 17. bxc5 b6 18. Bf4 bxc5 19. dxc5 Bg6 20. Bd6 Re8 21. Rb7 dxc4 22. Qxc4 Nd5 23. Qd4 Qf6 24. Ne5 Nf8 1-0

[Event "SUI-chT"]
[Site "Switzerland"]
[Date "2015.09.06"]
[Round "7.3"]
[White "Heimann, Andreas"]
[Black "Duratti, Lindo"]
[Result "1-0"]
[WhiteElo "2501"]
[BlackElo "2252"]
[PlyCount "111"]
[EventDate "2015.03.29"]
[EventType "team-tourn"]
[EventRounds "9"]
[EventCountry "SUI"]
[SourceTitle "EXT 2016"]
[Source "ChessBase"]
[SourceDate "2015.10.08"]
[SourceVersion "1"]
[SourceVersionDate "2015.10.08"]
[SourceQuality "1"]
[WhiteTeam "Riehen"]
[BlackTeam "Echallens"]
[WhiteTeamCountry "SUI"]
[BlackTeamCountry "SUI"]

1. d4 e6 2. Nf3 d5 3. c4 c6 4. e3 Nd7 5. Bd3 Bd6 6. 0-0 Ngf6 7. Nbd2 0-0 8. e4 dxe4 9. Nxe4 Nxe4 10. Bxe4 h6 11. Bc2 e5 12. Qd3 f5 13. c5 Bc7 14. Qc4+ Kh8 15. dxe5 Nxe5 16. Nxe5 Bxe5 17. Re1 Qf6 18. Bf4 Bxf4 19. Qxf4 Be6 20. Re5 g5 21. Qe3 Rae8 22. Re1 Bd7 23. f4 gxf4 24. Qxf4 Rxe5 25. Rxe5 Kg7 26. h4 Rf7 27. Bb3 Rf8 28. Re3 Bc8 29. Rg3+ Kh7 30. h5 Rd8 31. Rg6 Qd4+ 32. Qxd4 Rxd4 33. Rf6 Bd7 34. Rf7+ Kh8 35. Rf8+ Kg7 36. Rg8+ Kf6 37. Rg6+ Ke5 38. Rxh6 b6 39. Rh7 bxc5 40. h6 c4 41. Bxc4 Rxc4 42. Rxd7 Rh4 43. h7 a5 44. Kf2 Ke6 45. Rc7 Kd6 46. Ra7 Ke6 47. Kg3 Rh5 48. Kf4 a4 49. g4 fxg4 50. Kxg4 Rh2 51. Kg5 a3 52. bxa3 Kd5 53. Kg6 Ke6 54. Kg7 Rg2+ 55. Kf8 Rf2+ 56. Kg8 1-0

[Event "SUI-chT"]
[Site "Switzerland"]
[Date "2011.10.23"]
[Round "9.4"]
[White "Nuri, Kambez"]
[Black "Duratti, Lindo"]
[Result "0-1"]
[WhiteElo "2313"]
[BlackElo "2236"]
[PlyCount "90"]
[EventDate "2011.02.27"]
[EventType "team-tourn"]
[EventRounds "9"]
[EventCountry "SUI"]
[SourceTitle "EXT 2012"]
[Source "ChessBase"]
[SourceDate "2011.11.24"]
[SourceVersion "1"]
[SourceVersionDate "2011.11.24"]
[SourceQuality "1"]
[WhiteTeam "Winterthur"]
[BlackTeam "Echallens"]
[WhiteTeamCountry "SUI"]
[BlackTeamCountry "SUI"]

1. e4 e6 2. d4 d5 3. Nc3 Bb4 4. e5 b6 5. Qg4 Bf8 6. h4 Qd7 7. h5 h6 8. Rh3 Nc6 9. Be3 Bb7 10. a3 0-0-0 11. f4 Kb8 12. Bd3 Nge7 13. Bf2 Nf5 14. Nge2 Rg8 15. Qf3 g6 16. g4 Nfe7 17. Ng3 Bc8 18. b4 Bg7 19. Qe2 Rdf8 20. Rb1 Qe8 21. a4 f6 22. a5 fxe5 23. fxe5 gxh5 24. Nxh5 Ng6 25. Be3 Qf7 26. axb6 axb6 27. Na4 Bb7 28. Ba6 Bxe5 29. dxe5 Ngxe5 30. Bxb7 Kxb7 31. b5 Na5 32. Bxh6 Rxg4 33. Bxf8 Rg1+ 34. Kd2 Rxb1 35. Bg7 Nec4+ 36. Kc3 Nd6 37. Qf3 Nxb5+ 38. Kd2 Qg6 39. Rh4 Qg1 40. Nb2 Qc1+ 41. Kd3 Rxb2 42. Bxb2 Qxb2 43. Kd2 Nd6 44. Qd3 Qe5 45. Rh3 Nac4+ 0-1

[Event "SUI-chT"]
[Site "Switzerland"]
[Date "2011.02.27"]
[Round "1.2"]
[White "Drabke, Lorenz Maximilian"]
[Black "Duratti, Lindo"]
[Result "1-0"]
[WhiteElo "2458"]
[BlackElo "2236"]
[PlyCount "81"]
[EventDate "2011.02.27"]
[EventType "team-tourn"]
[EventRounds "9"]
[EventCountry "SUI"]
[SourceTitle "CBM 141 Extra"]
[Source "ChessBase"]
[SourceDate "2011.05.03"]
[SourceVersion "1"]
[SourceVersionDate "2011.05.03"]
[SourceQuality "1"]
[WhiteTeam "Reichenstein"]
[BlackTeam "Echallens"]
[WhiteTeamCountry "SUI"]
[BlackTeamCountry "SUI"]

1. e4 e6 2. d3 d5 3. Nd2 Nf6 4. Ngf3 Nc6 5. c3 e5 6. b4 a6 7. Bb2 Bg4 8. Qc2 g6 9. h3 Bxf3 10. Nxf3 Bg7 11. g3 0-0 12. Bg2 dxe4 13. dxe4 Qe7 14. 0-0 Rfd8 15. Rfe1 Ne8 16. Bf1 Nd6 17. Qb3 a5 18. Rad1 a4 19. Qc2 Qe6 20. a3 b5 21. Kg2 Rab8 22. Bc1 Ne7 23. h4 f6 24. Be2 Nc4 25. Rxd8+ Rxd8 26. Rd1 Rxd1 27. Qxd1 Nd6 28. c4 c6 29. cxb5 cxb5 30. Qc2 Bf8 31. Qc5 Qd7 32. Be3 Qc6 33. Nd2 Kg7 34. Bd3 Kf7 35. Qxc6 Nxc6 36. Bc5 Nd4 37. Nf3 Nxf3 38. Kxf3 Nc4 39. Bxc4+ bxc4 40. Bxf8 Kxf8 41. Ke3 1-0

[Event "Lenk op 21st"]
[Site "Lenk"]
[Date "2009.04.10"]
[Round "2"]
[White "Duratti, Lindo"]
[Black "Pahud, Cedric"]
[Result "1-0"]
[WhiteElo "2210"]
[BlackElo "2114"]
[PlyCount "79"]
[EventDate "2009.04.09"]
[EventType "swiss"]
[EventRounds "7"]
[EventCountry "SUI"]
[SourceTitle "CBM 130 Extra"]
[Source "ChessBase"]
[SourceDate "2009.07.02"]
[SourceVersion "2"]
[SourceVersionDate "2009.07.15"]
[SourceQuality "1"]

1. Nf3 c5 2. g3 Nc6 3. Bg2 d6 4. d4 cxd4 5. Nxd4 Bd7 6. 0-0 g6 7. e4 Bg7 8. Be3 Qc8 9. Nc3 Nf6 10. Nxc6 bxc6 11. Qe2 h5 12. Bd4 h4 13. e5 Ng8 14. Ne4 dxe5 15. Bc3 Bh3 16. Bxh3 Qxh3 17. Ng5 Qf5 18. Nf3 Qg4 19. Bxe5 Bxe5 20. Qxe5 Rh5 21. Qc3 Kf8 22. Rad1 Nf6 23. Rd4 Qh3 24. Rxh4 Rxh4 25. Nxh4 g5 26. Nf3 Ng4 27. Rd1 e5 28. Qxc6 Re8 29. Qe4 Nf6 30. Qe3 Ng4 31. Qxg5 e4 32. Qh4 Nxf2 33. Kxf2 e3+ 34. Kg1 e2 35. Re1 Qe6 36. Qh8+ Ke7 37. Qe5 Qxe5 38. Nxe5 Kd6 39. Nd3 Kd5 40. Rxe2 1-0

[Event "Martigny op"]
[Site "Martigny"]
[Date "2005.08.01"]
[Round "7"]
[White "Sriram, Jha"]
[Black "Duratti, Lindo"]
[Result "1-0"]
[WhiteElo "2451"]
[BlackElo "2210"]
[PlyCount "57"]
[EventDate "2005.07.29"]
[EventType "swiss"]
[EventRounds "7"]
[EventCountry "SUI"]
[SourceTitle "CBM 107 Extra"]
[Source "ChessBase"]
[SourceDate "2005.09.01"]
[SourceVersion "1"]
[SourceVersionDate "2005.09.01"]
[SourceQuality "1"]

1. d4 d5 2. c4 e6 3. Nf3 Nf6 4. g3 Be7 5. Bg2 0-0 6. 0-0 Nbd7 7. Qc2 c5 8. cxd5 Nxd5 9. Nc3 Nxc3 10. Qxc3 Bf6 11. Be3 a5 12. Rfd1 Ra6 13. Qc2 cxd4 14. Nxd4 Qe7 15. Rac1 Rd6 16. Nb5 Rxd1+ 17. Rxd1 b6 18. Qc7 Qb4 19. Na7 Be5 20. Qc6 Nb8 21. Qxb6 Qxb6 22. Bxb6 Bxb2 23. Bxa5 Ba6 24. Bc7 Bc4 25. Rb1 Na6 26. Bd6 Rd8 27. Rxb2 Rxd6 28. Rc2 Rd4 29. Nb5 1-0

[Event "SUI-ch op"]
[Site "Leukerbad"]
[Date "2002.07.18"]
[Round "8"]
[White "Duratti, Lindo"]
[Black "Peier, Hans"]
[Result "1-0"]
[WhiteElo "2214"]
[BlackElo "2105"]
[PlyCount "61"]
[EventDate "2002.07.11"]
[EventType "swiss"]
[EventRounds "9"]
[EventCountry "SUI"]
[SourceTitle "CBM 089 Extra"]
[Source "ChessBase"]
[SourceDate "2002.09.10"]
[SourceVersion "2"]
[SourceVersionDate "2002.09.10"]
[SourceQuality "1"]

1. e4 c5 2. d4 cxd4 3. c3 dxc3 4. Nxc3 Nc6 5. Bc4 e6 6. Nf3 d6 7. 0-0 Be7 8. Qe2 Bd7 9. Rd1 a6 10. Bf4 e5 11. Be3 Nf6 12. a4 0-0 13. h3 Qb8 14. Bg5 h6 15. Bxf6 Bxf6 16. Qd2 Nd4 17. Nxd4 exd4 18. Nd5 Bd8 19. Qxd4 b5 20. axb5 axb5 21. Rxa8 Qxa8 22. Bd3 Qa4 23. Be2 f5 24. b4 fxe4 25. Qxe4 Re8 26. Qd3 Bc6 27. Bf3 Bxd5 28. Qxd5+ Kh8 29. Qf7 Rg8 30. Re1 Qc2 31. Bd5 1-0